The growing years : (Record no. 93766)
[ view plain ]
| 000 -LEADER | |
|---|---|
| fixed length control field | 00530nam a22001817a 4500 |
| 005 - DATE AND TIME OF LATEST TRANSACTION | |
| control field | 20150729120421.0 |
| 010 ## - LCCN (DPL NO) | |
| LC control number | ENG-113122 |
| 020 ## - INTERNATIONAL STANDARD BOOK NUMBER | |
| International Standard Book Number | 9789384878771 |
| Terms of availability | 199.00 |
| 035 ## - SYSTEM CONTROL NUMBER | |
| System control number | EN-96654 |
| 037 ## - SOURCE OF ACQUISITION | |
| Source of stock number/acquisition | DBAD/PUB |
| 082 ## - DEWEY DECIMAL CLASSIFICATION NUMBER | |
| Classification number | S |
| 100 ## - MAIN ENTRY--PERSONAL NAME | |
| Personal name | Sabuwala, Shabbir |
| 245 ## - TITLE STATEMENT | |
| Title | The growing years : |
| Remainder of title | an inspirational story of success / |
| Statement of responsibility, etc | by Shabbir Sabuwala |
| 260 ## - PUBLICATION, DISTRIBUTION, ETC. (IMPRINT) | |
| Place of publication, distribution, etc | Chennai |
| Name of publisher, distributor, etc | Notion Press |
| Date of publication, distribution, etc | 2015 |
| 270 ## - ADDRESS | |
| Address | 5 Muthu Kalathy Street, Triplicane, |
| City | Chennai |
| Postal code | 600005 |
| 300 ## - PHYSICAL DESCRIPTION | |
| Extent | xiv,201p. |
| Dimensions | 21cm(pbk) |
| 942 ## - ADDED ENTRY ELEMENTS (KOHA) | |
| Source of classification or shelving scheme | Dewey Decimal Classification |
| Item type | English Books |
| Call number suffix | SAB |
| Classification part | S |
| Withdrawn status | Lost status | Not for loan | Collection code | Home library | Current library | Date acquired | Source of acquisition | Cost, normal purchase price | Full call number | Barcode | Copy number | Cost, replacement price | Koha item type |
|---|---|---|---|---|---|---|---|---|---|---|---|---|---|
| Not For Loan | Fiction | D.B.Act.Division | D.B.Act.Division | 20/05/2015 | DBAD/PUB | 199.00 | S SAB | EN-96654 | 1 | 199.00 | English Books |
